[Event "SC Rochade Emsdetten 2 - SK Königsspri"]
[Site "Verbandsliga, Gr. 1 2022/2023"]
[Date "2023.01.21"]
[Round "4.1"]
[White "Sandmann, Matthias"]
[Black "Luecke, Thomas"]
[Result "0-1"]
[WhiteElo "1777"]
[BlackElo "1872"]
[PlyCount "98"]
[EventDate "2023.??.??"]
[SourceTitle "Verband Muensterland"]
[SourceDate "2022.09.23"]
[SourceVersion "1"]
[SourceVersionDate "2022.09.23"]
[SourceQuality "1"]
[WhiteTeam "SK Königsspringer Nordwalde 1"]
[BlackTeam "SC Rochade Emsdetten 2"]

1. d4 d5 2. Nf3 Nf6 3. Bg5 Ne4 4. Bh4 c6 5. Nbd2 Bf5 6. e3 Qb6 7. Rb1 Nd7 8.
Nxe4 Bxe4 9. a3 Qa5+ 10. Nd2 e6 11. Qc1 Bg6 12. Be2 c5 13. O-O Rc8 14. Nb3 Qa4
15. Qd2 Bd6 16. Rbc1 c4 17. Na1 c3 18. bxc3 Qa5 19. Rb1 b6 20. Rb3 O-O 21. f3
a6 22. Bd3 Bxa3 23. e4 Rfe8 24. Be1 Bf8 25. Rb1 b5 26. exd5 exd5 27. Bxg6 hxg6
28. Qg5 Qa2 29. Bd2 Qc4 30. Nb3 Re6 31. Nc1 Rce8 32. Nd3 Be7 33. Qf4 Bd6 34.
Qg5 Nf6 35. Ra1 Qc7 36. h3 Qb6 37. Rfe1 Rxe1+ 38. Rxe1 Rxe1+ 39. Bxe1 a5 40.
Qc1 Qc6 41. Qb2 Nd7 42. Bd2 Nb6 43. Bf4 Na4 44. Qb3 Bxf4 45. Nxf4 Nxc3 46. Kf2
Qc4 47. Qa3 Qxd4+ 48. Kg3 Qe5 49. Qxa5 g5 0-1

[Event "SC Rochade Emsdetten 2 - SK Königsspri"]
[Site "Verbandsliga, Gr. 1 2022/2023"]
[Date "2023.01.21"]
[Round "4.2"]
[White "Noering, Andreas"]
[Black "Lerke, Bernd"]
[Result "1/2-1/2"]
[WhiteElo "1795"]
[BlackElo "1930"]
[PlyCount "60"]
[EventDate "2023.??.??"]
[SourceTitle "Verband Muensterland"]
[SourceDate "2022.09.23"]
[SourceVersion "1"]
[SourceVersionDate "2022.09.23"]
[SourceQuality "1"]
[WhiteTeam "SC Rochade Emsdetten 2"]
[BlackTeam "SK Königsspringer Nordwalde 1"]

1. e4 e6 2. d4 c5 3. c3 d5 4. exd5 exd5 5. Nf3 Nf6 6. Bb5+ Bd7 7. Bxd7+ Nbxd7
8. O-O Be7 9. Bg5 O-O 10. Nbd2 Re8 11. Re1 Qb6 12. Qb3 cxd4 13. Qxb6 Nxb6 14.
Nxd4 h6 15. Bh4 g5 16. Nf5 Bf8 17. Bg3 Nc4 18. Nxc4 dxc4 19. Be5 Re6 20. Bd4
Nd5 21. g3 a6 22. Kf1 Rae8 23. Rxe6 fxe6 24. Ne3 Nxe3+ 25. Bxe3 Rd8 26. Ke2 Kf7
27. g4 Bg7 28. Rd1 Rd5 29. Rd2 Be5 30. h3 Bc7 1/2-1/2

[Event "SC Rochade Emsdetten 2 - SK Königsspri"]
[Site "Verbandsliga, Gr. 1 2022/2023"]
[Date "2023.01.21"]
[Round "4.3"]
[White "Hols, Bernhard"]
[Black "Colmer, Willi"]
[Result "1-0"]
[WhiteElo "1802"]
[BlackElo "1761"]
[PlyCount "111"]
[EventDate "2023.??.??"]
[SourceTitle "Verband Muensterland"]
[SourceDate "2022.09.23"]
[SourceVersion "1"]
[SourceVersionDate "2022.09.23"]
[SourceQuality "1"]
[WhiteTeam "SK Königsspringer Nordwalde 1"]
[BlackTeam "SC Rochade Emsdetten 2"]

1. Nf3 Nf6 2. d4 g6 3. g3 Bg7 4. Bg2 O-O 5. O-O d6 6. c4 c5 7. Nc3 Nc6 8. e3
Nd7 9. b3 a6 10. Bb2 Rb8 11. dxc5 Nxc5 12. Qe2 b5 13. cxb5 axb5 14. Nd5 Ne5 15.
Nxe5 dxe5 16. Rac1 e6 17. Rxc5 exd5 18. Rxd5 Qa5 19. Bxe5 Bxe5 20. Rxe5 Ba6 21.
Rd1 b4 22. Qb2 Qb6 23. Qd4 Qc7 24. Qc5 Rbc8 25. Qxc7 Rxc7 26. Bf1 Bxf1 27. Kxf1
Rb8 28. Ke2 Ra7 29. Rd2 Kg7 30. Re4 Rb5 31. Rc4 Kf6 32. Rdc2 Ra6 33. Rc6+ Rxc6
34. Rxc6+ Ke5 35. Rc4 f5 36. Kd3 Ra5 37. Rc2 Kd5 38. f3 Ra6 39. h4 Ra5 40. Kd2
Ra6 41. Kc1 Re6 42. Re2 Rc6+ 43. Kb2 Ra6 44. Rc2 Re6 45. Re2 Ra6 46. e4+ fxe4
47. Rxe4 Kc5 48. Rc4+ Kb5 49. Re4 Rd6 50. a4+ Ka5 51. Re5+ Ka6 52. Re2 Rd3 53.
Rf2 Ka5 54. g4 h6 55. f4 Rh3 56. f5 1-0

[Event "SC Rochade Emsdetten 2 - SK Königsspri"]
[Site "Verbandsliga, Gr. 1 2022/2023"]
[Date "2023.01.21"]
[Round "4.4"]
[White "Schulte, Ralf"]
[Black "Diepenbrock, Till"]
[Result "1/2-1/2"]
[WhiteElo "1769"]
[BlackElo "1806"]
[PlyCount "41"]
[EventDate "2023.??.??"]
[SourceTitle "Verband Muensterland"]
[SourceDate "2022.09.23"]
[SourceVersion "1"]
[SourceVersionDate "2022.09.23"]
[SourceQuality "1"]
[WhiteTeam "SC Rochade Emsdetten 2"]
[BlackTeam "SK Königsspringer Nordwalde 1"]

1. d4 Nf6 2. Nf3 e6 3. c4 b6 4. Nc3 Bb4 5. Bg5 h6 6. Bxf6 Qxf6 7. e3 Bb7 8. Be2
O-O 9. Rc1 d6 10. a3 Bxc3+ 11. Rxc3 Nd7 12. O-O Qg6 13. b4 Nf6 14. Qb1 Ne4 15.
Rcc1 f5 16. Qb2 Rf6 17. c5 dxc5 18. bxc5 Bd5 19. Bc4 Ng5 20. Bxd5 exd5 21. Nxg5
1/2-1/2

[Event "SC Rochade Emsdetten 2 - SK Königsspri"]
[Site "Verbandsliga, Gr. 1 2022/2023"]
[Date "2023.01.21"]
[Round "4.5"]
[White "Keller, Hansjuergen"]
[Black "Fehlings, Gerd"]
[Result "0-1"]
[WhiteElo "1621"]
[BlackElo "1740"]
[PlyCount "88"]
[EventDate "2023.??.??"]
[SourceTitle "Verband Muensterland"]
[SourceDate "2022.09.23"]
[SourceVersion "1"]
[SourceVersionDate "2022.09.23"]
[SourceQuality "1"]
[WhiteTeam "SK Königsspringer Nordwalde 1"]
[BlackTeam "SC Rochade Emsdetten 2"]

1. d4 d5 2. Nf3 e6 3. Bf4 c5 4. e3 Nc6 5. c3 Nf6 6. Bd3 Bd6 7. Bg3 O-O 8. Nbd2
c4 9. Bc2 Qc7 10. Bxd6 Qxd6 11. O-O b5 12. e4 dxe4 13. Nxe4 Nxe4 14. Bxe4 Rb8
15. a3 Rd8 16. Qe2 Ne7 17. Rfd1 Bb7 18. h3 Bxe4 19. Qxe4 Nd5 20. g3 a5 21. Qe2
Rdc8 22. Ne5 f6 23. Ng4 b4 24. axb4 axb4 25. Rdc1 bxc3 26. bxc3 Rb3 27. Qe1
Rcb8 28. Ne3 Nxe3 29. Qxe3 Qd5 30. Re1 Re8 31. Qc1 Qf3 32. Re3 Qf5 33. Qf1 Qd5
34. Qe2 Re7 35. Qf3 Qd7 36. Ra8+ Re8 37. Rxe8+ Qxe8 38. Qe2 Qc6 39. f3 Kf7 40.
Kf2 Qb5 41. Qa2 Qf5 42. g4 Qf4 43. Qa7+ Kg6 44. Rxe6 Rb2+ 0-1

[Event "SC Rochade Emsdetten 2 - SK Königsspri"]
[Site "Verbandsliga, Gr. 1 2022/2023"]
[Date "2023.01.21"]
[Round "4.6"]
[White "Fuhrmann, Andreas"]
[Black "Szych, Lothar"]
[Result "1-0"]
[WhiteElo "1640"]
[BlackElo "1508"]
[PlyCount "105"]
[EventDate "2023.??.??"]
[SourceTitle "Verband Muensterland"]
[SourceDate "2022.09.23"]
[SourceVersion "1"]
[SourceVersionDate "2022.09.23"]
[SourceQuality "1"]
[WhiteTeam "SC Rochade Emsdetten 2"]
[BlackTeam "SK Königsspringer Nordwalde 1"]

1. Nf3 b6 2. g3 Bb7 3. Bg2 Nf6 4. O-O d5 5. c4 dxc4 6. Na3 e6 7. Nxc4 Be7 8. d3
Nbd7 9. Bf4 O-O 10. Rc1 Nd5 11. Nfe5 Nxf4 12. Bxb7 Nxe5 13. Nxe5 Nd5 14. Nc6
Qd6 15. Nxe7+ Qxe7 16. Bxa8 Rxa8 17. Qa4 a5 18. Qc6 Rc8 19. a3 h6 20. e4 Nf6
21. Rc3 Ne8 22. d4 Qd6 23. d5 exd5 24. exd5 Kf8 25. Qxd6+ Nxd6 26. Rfc1 Ne8 27.
d6 Nxd6 28. Rxc7 Rxc7 29. Rxc7 Ke8 30. Rc6 Kd7 31. Rxb6 Nc4 32. Rb7+ Ke6 33. b4
axb4 34. Rxb4 Nxa3 35. f4 Nc2 36. Rb6+ Kf5 37. Rb7 Kf6 38. Kf2 Nd4 39. g4 Ne6
40. Ke3 g6 41. Rb6 Kg7 42. Rc6 Nd8 43. Rd6 Ne6 44. h4 Kf6 45. Ke4 Ke7 46. Rc6
Kd7 47. Rb6 Kc7 48. Rxe6 fxe6 49. Ke5 Kd7 50. Kf6 g5 51. hxg5 hxg5 52. Kxg5 Ke7
53. Kg6 1-0

[Event "SC Rochade Emsdetten 2 - SK Königsspri"]
[Site "Verbandsliga, Gr. 1 2022/2023"]
[Date "2023.01.21"]
[Round "4.7"]
[White "Holstegge, Ludger"]
[Black "Hussein, Zaman"]
[Result "0-1"]
[WhiteElo "1716"]
[BlackElo "1674"]
[PlyCount "108"]
[EventDate "2023.??.??"]
[SourceTitle "Verband Muensterland"]
[SourceDate "2022.09.23"]
[SourceVersion "1"]
[SourceVersionDate "2022.09.23"]
[SourceQuality "1"]
[WhiteTeam "SK Königsspringer Nordwalde 1"]
[BlackTeam "SC Rochade Emsdetten 2"]

1. c4 Nf6 2. Nc3 g6 3. d4 Bg7 4. e4 d6 5. Nf3 Bg4 6. Be2 O-O 7. O-O e6 8. h3
Bxf3 9. Bxf3 c6 10. Be3 Nbd7 11. Qd2 Qe7 12. Bg5 c5 13. Rad1 Qe8 14. Nb5 Qb8
15. dxc5 dxc5 16. Bf4 e5 17. Bg5 a6 18. Nc3 Qc7 19. Qe3 Nb6 20. b3 Rad8 21. Nd5
Nbxd5 22. exd5 Qd6 23. Rfe1 Rde8 24. g3 Nd7 25. Bg2 f6 26. Bh6 f5 27. Bxg7 Kxg7
28. Qc3 Kg8 29. f3 Re7 30. Re2 Rfe8 31. Rde1 Nf6 32. Kf2 Nh5 33. Qd2 f4 34.
gxf4 Nxf4 35. Re4 Qf6 36. Rh1 Rf7 37. Qe3 Qg5 38. Rg1 Qh4+ 39. Kf1 Qh5 40. Rh1
Rf5 41. Kg1 Ref8 42. Rxf4 exf4 43. Qxc5 Re5 44. Qf2 Rfe8 45. Bf1 Re3 46. Kg2
R8e5 47. h4 Qf5 48. Rh2 Rc3 49. Kh1 Qb1 50. Rg2 Re1 51. Rg1 Rcc1 52. Qc5 Qf5
53. Kg2 Rc2+ 54. Kh1 Rxf1 0-1

[Event "SC Rochade Emsdetten 2 - SK Königsspri"]
[Site "Verbandsliga, Gr. 1 2022/2023"]
[Date "2023.01.21"]
[Round "4.8"]
[White "Peters, Tobias"]
[Black "Steens, Rudolf"]
[Result "0-1"]
[WhiteElo "1612"]
[BlackElo "1777"]
[PlyCount "108"]
[EventDate "2023.??.??"]
[SourceTitle "Verband Muensterland"]
[SourceDate "2022.09.23"]
[SourceVersion "1"]
[SourceVersionDate "2022.09.23"]
[SourceQuality "1"]
[WhiteTeam "SC Rochade Emsdetten 2"]
[BlackTeam "SK Königsspringer Nordwalde 1"]

1. e4 e6 2. d4 d5 3. e5 c5 4. c3 Qb6 5. Nf3 Nc6 6. Bd3 Bd7 7. O-O cxd4 8. cxd4
Nb4 9. Be2 Ne7 10. a3 Nbc6 11. b4 Nf5 12. Be3 Rc8 13. Nbd2 Qd8 14. Nb3 b6 15.
Bd3 Nxe3 16. fxe3 g6 17. Qe1 Bh6 18. h4 Ne7 19. g4 Rg8 20. Qf2 Rf8 21. Nh2 Ba4
22. Nc1 Qd7 23. g5 Bg7 24. Ng4 Nf5 25. Ne2 Bb5 26. Bxb5 Qxb5 27. Rac1 Ke7 28.
Nc3 Qd7 29. Nf6 Bxf6 30. gxf6+ Kd8 31. Rfd1 Rc4 32. Ne2 Qb5 33. Nc3 Qc6 34. Ne2
Kd7 35. Rxc4 Qxc4 36. Rc1 Qd3 37. Rc3 Qd1+ 38. Kg2 Nxh4+ 39. Qxh4 Qxe2+ 40. Qf2
Qxf2+ 41. Kxf2 Rc8 42. Rd3 Rc4 43. Kf3 Kc6 44. Kf4 h6 45. Kg4 Rc1 46. Kf3 Kd7
47. Rb3 a6 48. e4 g5 49. exd5 exd5 50. Kg4 Ke6 51. Rh3 Rd1 52. Rxh6 Rxd4+ 53.
Kxg5 Re4 54. Rh7 Rxe5+ 0-1

[Event "SC Klein-Berlin Rheine 2 - SF Beelen 1"]
[Site "Verbandsliga, Gr. 1 2022/2023"]
[Date "2023.01.21"]
[Round "4.1"]
[White "Hofene, Dieter"]
[Black "Hauk, Viktor"]
[Result "1/2-1/2"]
[WhiteElo "1978"]
[BlackElo "1885"]
[PlyCount "50"]
[EventDate "2023.??.??"]
[SourceTitle "Verband Muensterland"]
[SourceDate "2022.09.23"]
[SourceVersion "1"]
[SourceVersionDate "2022.09.23"]
[SourceQuality "1"]
[WhiteTeam "SF Beelen 1"]
[BlackTeam "SC Klein-Berlin Rheine 2"]

1. e4 d5 2. Nc3 d4 3. Nce2 e5 4. Ng3 Bd6 5. Nf3 Ne7 6. Bc4 h6 7. O-O Nbc6 8. a3
O-O 9. d3 Ng6 10. h3 Qe7 11. Nh2 Nf4 12. Bxf4 exf4 13. Nf5 Bxf5 14. exf5 Qf6
15. Qh5 Ne7 16. g4 fxg3 17. fxg3 Bxg3 18. Ng4 Qh4 19. Qxh4 Bxh4 20. f6 Ng6 21.
Rf5 Rad8 22. Raf1 Rd7 23. Bb3 Bg5 24. fxg7 Kxg7 25. Nf6 Re7 1/2-1/2

[Event "SC Klein-Berlin Rheine 2 - SF Beelen 1"]
[Site "Verbandsliga, Gr. 1 2022/2023"]
[Date "2023.01.21"]
[Round "4.2"]
[White "Horstmann, Michael"]
[Black "Hanewinkel, Winfried"]
[Result "1/2-1/2"]
[WhiteElo "1729"]
[BlackElo "1864"]
[PlyCount "98"]
[EventDate "2023.??.??"]
[SourceTitle "Verband Muensterland"]
[SourceDate "2022.09.23"]
[SourceVersion "1"]
[SourceVersionDate "2022.09.23"]
[SourceQuality "1"]
[WhiteTeam "SC Klein-Berlin Rheine 2"]
[BlackTeam "SF Beelen 1"]

1. c4 Nf6 2. g3 e5 3. Bg2 Bc5 4. e3 O-O 5. Nc3 Re8 6. Nge2 e4 7. O-O c6 8. d4
Bb4 9. a3 Bxc3 10. bxc3 d5 11. Qb3 Nbd7 12. c5 b6 13. cxb6 Nxb6 14. a4 Ba6 15.
Qc2 Bxe2 16. Qxe2 Nc4 17. Ba3 Rb8 18. Qa2 Qc7 19. Rab1 g6 20. Rfd1 Nd7 21. Bf1
Nxa3 22. Qxa3 Rxb1 23. Rxb1 Rb8 24. Rb4 Kg7 25. Qb3 a5 26. Rxb8 Qxb8 27. Qxb8
Nxb8 28. c4 Nd7 29. c5 f5 30. Ba6 Nb8 31. Be2 Kf6 32. h3 g5 33. Kg2 Ke6 34. Kf1
Nd7 35. Kg2 Nf6 36. Kg1 Kd7 37. Kg2 Ne8 38. Kg1 Nc7 39. Kh2 Ke7 40. Kg1 Ne6 41.
Kh2 Kf6 42. Ba6 f4 43. Bb7 Nd8 44. Ba6 fxe3 45. fxe3 Ke7 46. Kg2 Kd7 47. Be2
Kc7 48. Kf2 Ne6 49. Ba6 Ng7 1/2-1/2

[Event "SC Klein-Berlin Rheine 2 - SF Beelen 1"]
[Site "Verbandsliga, Gr. 1 2022/2023"]
[Date "2023.01.21"]
[Round "4.3"]
[White "Hanewinkel, Martin"]
[Black "Miethe, Christoph"]
[Result "1/2-1/2"]
[WhiteElo "1853"]
[BlackElo "1731"]
[PlyCount "67"]
[EventDate "2023.??.??"]
[SourceTitle "Verband Muensterland"]
[SourceDate "2022.09.23"]
[SourceVersion "1"]
[SourceVersionDate "2022.09.23"]
[SourceQuality "1"]
[WhiteTeam "SF Beelen 1"]
[BlackTeam "SC Klein-Berlin Rheine 2"]

1. d4 d5 2. Nf3 e6 3. Bf4 Nf6 4. e3 Be7 5. c3 b6 6. Nbd2 O-O 7. Bd3 Bb7 8. Ne5
Nbd7 9. Ndf3 Nxe5 10. dxe5 Ne4 11. h4 c5 12. Ng5 g6 13. Qg4 h5 14. Qe2 Nxg5 15.
hxg5 Bxg5 16. O-O-O Kg7 17. Rh3 d4 18. g4 Bxf4 19. exf4 hxg4 20. Qxg4 Rh8 21.
Rxh8 Qxh8 22. cxd4 cxd4 23. f5 Qc8+ 24. Kb1 exf5 25. Qxd4 Qc5 26. Qxc5 bxc5 27.
Bc4 Be4+ 28. Kc1 Bc6 29. Rd6 Rc8 30. f4 Rc7 31. Kc2 Be4+ 32. Kc3 Re7 33. Bb3
Rc7 34. Bc4 1/2-1/2

[Event "SC Klein-Berlin Rheine 2 - SF Beelen 1"]
[Site "Verbandsliga, Gr. 1 2022/2023"]
[Date "2023.01.21"]
[Round "4.4"]
[White "Kruempelmann, Uwe"]
[Black "Austermann, Reinhold"]
[Result "1/2-1/2"]
[WhiteElo "1780"]
[BlackElo "1794"]
[PlyCount "50"]
[EventDate "2023.??.??"]
[SourceTitle "Verband Muensterland"]
[SourceDate "2022.09.23"]
[SourceVersion "1"]
[SourceVersionDate "2022.09.23"]
[SourceQuality "1"]
[WhiteTeam "SC Klein-Berlin Rheine 2"]
[BlackTeam "SF Beelen 1"]

1. d4 d5 2. c4 e6 3. Nc3 f5 4. Nf3 Nf6 5. Bf4 Bd6 6. e3 c6 7. Be2 O-O 8. O-O
Qe7 9. Bxd6 Qxd6 10. Qc2 Ne4 11. Ne5 Nd7 12. f4 Ndf6 13. Nxe4 Nxe4 14. g4 c5
15. Rad1 b6 16. g5 Bb7 17. Bf3 dxc4 18. Nxc4 Qe7 19. Qg2 Rad8 20. Ne5 g6 21.
Qh3 cxd4 22. exd4 Rc8 23. Rc1 Bd5 24. Qh6 Qg7 25. Qxg7+ Kxg7 1/2-1/2

[Event "SC Klein-Berlin Rheine 2 - SF Beelen 1"]
[Site "Verbandsliga, Gr. 1 2022/2023"]
[Date "2023.01.21"]
[Round "4.5"]
[White "Beckmann, Frank"]
[Black "Pohlmeier, Ulrich"]
[Result "1/2-1/2"]
[WhiteElo "1715"]
[BlackElo "1620"]
[PlyCount "97"]
[EventDate "2023.??.??"]
[SourceTitle "Verband Muensterland"]
[SourceDate "2022.09.23"]
[SourceVersion "1"]
[SourceVersionDate "2022.09.23"]
[SourceQuality "1"]
[WhiteTeam "SF Beelen 1"]
[BlackTeam "SC Klein-Berlin Rheine 2"]

1. d4 Nf6 2. Nf3 g6 3. c4 Bg7 4. Nc3 d6 5. e3 O-O 6. Be2 Re8 7. O-O Nc6 8. a3
a5 9. b3 e5 10. dxe5 dxe5 11. Bb2 Qxd1 12. Raxd1 Bf5 13. Rd2 Ne4 14. Nxe4 Bxe4
15. Ng5 Bf5 16. e4 Be6 17. Nxe6 Rxe6 18. Rd7 Rd6 19. Rxd6 cxd6 20. Rd1 Rd8 21.
Rd5 b6 22. Bc1 Nd4 23. Bd1 f5 24. f3 f4 25. Bd2 Kf7 26. Kf2 Ke6 27. Bc3 Nc6 28.
b4 axb4 29. axb4 Ne7 30. Rd2 Ra8 31. Bb3 Ra3 32. Rb2 Kd7 33. Ke2 Nc6 34. Kd3
Bf6 35. Kc2 Bh4 36. Ra2 Rxa2+ 37. Bxa2 Bf2 38. Bb3 g5 39. Ba4 Kc7 40. Bxc6 Kxc6
41. h3 Be3 42. Kd3 Bg1 43. Bb2 Bf2 44. Ba3 h5 45. Bb2 Be1 46. Bc3 Bf2 47. Ke2
Bg1 48. Kd3 Bf2 49. Ke2 1/2-1/2

[Event "SC Klein-Berlin Rheine 2 - SF Beelen 1"]
[Site "Verbandsliga, Gr. 1 2022/2023"]
[Date "2023.01.21"]
[Round "4.6"]
[White "Winter, Reinhold"]
[Black "Hofene, Josef"]
[Result "1/2-1/2"]
[WhiteElo "1684"]
[BlackElo "1750"]
[PlyCount "40"]
[EventDate "2023.??.??"]
[SourceTitle "Verband Muensterland"]
[SourceDate "2022.09.23"]
[SourceVersion "1"]
[SourceVersionDate "2022.09.23"]
[SourceQuality "1"]
[WhiteTeam "SC Klein-Berlin Rheine 2"]
[BlackTeam "SF Beelen 1"]

1. b3 e5 2. Bb2 Nc6 3. e3 Nf6 4. Nf3 d6 5. d4 exd4 6. Nxd4 Nxd4 7. Bxd4 Be7 8.
Be2 O-O 9. O-O Be6 10. c4 d5 11. Nd2 c6 12. cxd5 Nxd5 13. Nf3 Bf5 14. a3 Bf6
15. Bxf6 Qxf6 16. Qd4 Qxd4 17. Nxd4 Bg6 18. Rfc1 Rad8 19. b4 a6 20. Bf3 Rfe8
1/2-1/2

[Event "SC Klein-Berlin Rheine 2 - SF Beelen 1"]
[Site "Verbandsliga, Gr. 1 2022/2023"]
[Date "2023.01.21"]
[Round "4.7"]
[White "Schemmann, Bernhard"]
[Black "Huesmann, Stephan"]
[Result "1/2-1/2"]
[WhiteElo "1837"]
[BlackElo "1641"]
[PlyCount "90"]
[EventDate "2023.??.??"]
[SourceTitle "Verband Muensterland"]
[SourceDate "2022.09.23"]
[SourceVersion "1"]
[SourceVersionDate "2022.09.23"]
[SourceQuality "1"]
[WhiteTeam "SF Beelen 1"]
[BlackTeam "SC Klein-Berlin Rheine 2"]

1. d4 f5 2. Nf3 Nf6 3. g3 d6 4. Bg2 g6 5. O-O Bg7 6. b3 O-O 7. Bb2 c6 8. c4 a5
9. a3 Na6 10. Nbd2 Nc7 11. Qc2 Qe8 12. e4 fxe4 13. Nxe4 Nxe4 14. Qxe4 Bf5 15.
Qe2 Bg4 16. h3 Bxf3 17. Bxf3 Qf7 18. Bg2 h6 19. f4 e6 20. Rae1 d5 21. h4 dxc4
22. bxc4 Rad8 23. Qd2 Rd7 24. Qxa5 Bxd4+ 25. Bxd4 Rxd4 26. Qb6 Rxc4 27. Qxb7
Nd5 28. Qxf7+ Kxf7 29. Rc1 Ra4 30. Rxc6 Rxa3 31. f5 Rxg3 32. fxg6+ Ke7 33. Rxf8
Kxf8 34. Kh2 Re3 35. Rc8+ Kg7 36. Bxd5 exd5 37. Rd8 Re5 38. Rd6 h5 39. Kg3 Re3+
40. Kf4 Re4+ 41. Kf5 Rxh4 42. Kg5 Rg4+ 43. Kxh5 Re4 44. Rd7+ Kg8 45. Rxd5 Re1
1/2-1/2

[Event "SC Klein-Berlin Rheine 2 - SF Beelen 1"]
[Site "Verbandsliga, Gr. 1 2022/2023"]
[Date "2023.01.21"]
[Round "4.8"]
[White "Schmiemann, Karlheinz"]
[Black "Gaebler, Marcel"]
[Result "0-1"]
[WhiteElo "1373"]
[BlackElo "1671"]
[PlyCount "86"]
[EventDate "2023.??.??"]
[SourceTitle "Verband Muensterland"]
[SourceDate "2022.09.23"]
[SourceVersion "1"]
[SourceVersionDate "2022.09.23"]
[SourceQuality "1"]
[WhiteTeam "SC Klein-Berlin Rheine 2"]
[BlackTeam "SF Beelen 1"]

1. e4 c5 2. Nf3 Nc6 3. d4 cxd4 4. Nxd4 Nf6 5. Nc3 e6 6. Be2 Bb4 7. O-O Bxc3 8.
bxc3 Nxe4 9. Qd3 d5 10. Ba3 a6 11. c4 dxc4 12. Qxe4 Qxd4 13. Bf3 Qxe4 14. Bxe4
Bd7 15. Rfd1 O-O-O 16. Rab1 f5 17. Bf3 g5 18. Rb6 g4 19. Be2 Kc7 20. Rdb1 Bc8
21. Bc1 e5 22. Bg5 Rd4 23. c3 Re4 24. Kf1 f4 25. f3 Re3 26. fxg4 Rxc3 27. Bf3
Re3 28. Kf2 c3 29. R6b3 Nd4 30. Rb4 c2 31. Rc1 Rg8 32. Bf6 Bxg4 33. Bxe5+ Rxe5
34. Rxd4 Bxf3 35. gxf3 Rh5 36. Rc4+ Kb8 37. Rh1 Rc8 38. Rxc8+ Kxc8 39. Kg2 Ra5
40. Rc1 Rxa2 41. Kh3 b5 42. Kg4 b4 43. Kxf4 b3 0-1

[Event "SV Ibbenbüren 1 - Schach Nienberge 2"]
[Site "Verbandsliga, Gr. 1 2022/2023"]
[Date "2023.01.21"]
[Round "4.2"]
[White "Klausmeier, Achim"]
[Black "Albustin, Benedikt"]
[Result "1/2-1/2"]
[WhiteElo "1633"]
[BlackElo "1906"]
[PlyCount "39"]
[EventDate "2023.??.??"]
[SourceTitle "Verband Muensterland"]
[SourceDate "2022.09.23"]
[SourceVersion "1"]
[SourceVersionDate "2022.09.23"]
[SourceQuality "1"]
[WhiteTeam "SV Ibbenbüren 1"]
[BlackTeam "Schach Nienberge 2"]

1. e4 e6 2. d4 d5 3. exd5 exd5 4. Bd3 Nc6 5. c3 Bd6 6. Nf3 Bg4 7. O-O Nge7 8.
Nbd2 Qd7 9. Qc2 O-O-O 10. b4 f6 11. a4 g5 12. a5 Ng6 13. b5 Nce7 14. b6 a6 15.
bxc7 Qxc7 16. Ba3 Nf4 17. Bxd6 Qxd6 18. c4 Nxd3 19. Qxd3 Bxf3 20. Qxf3 1/2-1/2

[Event "SV Ibbenbüren 1 - Schach Nienberge 2"]
[Site "Verbandsliga, Gr. 1 2022/2023"]
[Date "2023.01.21"]
[Round "4.3"]
[White "Van de Vyle, Jan"]
[Black "Sivakumaran, Methunraj"]
[Result "1/2-1/2"]
[WhiteElo "1761"]
[BlackElo "1559"]
[PlyCount "59"]
[EventDate "2023.??.??"]
[SourceTitle "Verband Muensterland"]
[SourceDate "2022.09.23"]
[SourceVersion "1"]
[SourceVersionDate "2022.09.23"]
[SourceQuality "1"]
[WhiteTeam "Schach Nienberge 2"]
[BlackTeam "SV Ibbenbüren 1"]

1. e4 d5 2. exd5 Qxd5 3. Nf3 Bg4 4. Be2 Nc6 5. d4 Nf6 6. c4 Qd6 7. Be3 e6 8.
O-O Rd8 9. Nbd2 g6 10. h3 Bxf3 11. Nxf3 Bg7 12. Qc1 O-O 13. Rd1 Rd7 14. Bf4 Qe7
15. Qe3 Rfd8 16. Be5 Ne8 17. Rd2 Nxe5 18. Nxe5 Bxe5 19. Qxe5 Qd6 20. Qxd6 Rxd6
21. Rad1 c6 22. c5 R6d7 23. f4 Nf6 24. Bf3 Nd5 25. Bxd5 Rxd5 26. Kf2 b6 27. b4
bxc5 28. bxc5 Rb8 29. Rd3 Rb2+ 30. R1d2 1/2-1/2

[Event "SV Ibbenbüren 1 - Schach Nienberge 2"]
[Site "Verbandsliga, Gr. 1 2022/2023"]
[Date "2023.01.21"]
[Round "4.4"]
[White "Werremeyer, Achim"]
[Black "Nuerenberg, Bernd"]
[Result "1/2-1/2"]
[WhiteElo "1711"]
[BlackElo "1706"]
[PlyCount "40"]
[EventDate "2023.??.??"]
[SourceTitle "Verband Muensterland"]
[SourceDate "2022.09.23"]
[SourceVersion "1"]
[SourceVersionDate "2022.09.23"]
[SourceQuality "1"]
[WhiteTeam "SV Ibbenbüren 1"]
[BlackTeam "Schach Nienberge 2"]

1. Nf3 c5 2. e4 Nc6 3. d4 cxd4 4. Nxd4 g6 5. Be3 Bg7 6. Nc3 Nf6 7. Be2 O-O 8.
Qd2 d5 9. exd5 Nxd5 10. Nxc6 bxc6 11. Rd1 Bb7 12. Nxd5 cxd5 13. Bh6 Qc7 14.
Bxg7 Kxg7 15. O-O e5 16. c3 Rad8 17. Qe3 Ba8 18. f4 f6 19. fxe5 fxe5 20. Rxf8
Rxf8 1/2-1/2

[Event "SV Ibbenbüren 1 - Schach Nienberge 2"]
[Site "Verbandsliga, Gr. 1 2022/2023"]
[Date "2023.01.21"]
[Round "4.6"]
[White "Huil, Herbert"]
[Black "Rath, Josef"]
[Result "1-0"]
[WhiteElo "1401"]
[BlackElo "1740"]
[PlyCount "65"]
[EventDate "2023.??.??"]
[SourceTitle "Verband Muensterland"]
[SourceDate "2022.09.23"]
[SourceVersion "1"]
[SourceVersionDate "2022.09.23"]
[SourceQuality "1"]
[WhiteTeam "SV Ibbenbüren 1"]
[BlackTeam "Schach Nienberge 2"]

1. e4 g6 2. d4 Bg7 3. Nf3 d6 4. Bc4 Nf6 5. e5 dxe5 6. Nxe5 O-O 7. O-O Nbd7 8.
f4 Nb6 9. Bb3 a5 10. a4 Nbd5 11. c4 Nb4 12. Nc3 c6 13. Be3 Bf5 14. Qe2 h5 15.
Rad1 Ng4 16. Bc1 Qb6 17. Nxg6 Bxg6 18. c5 Qc7 19. h3 Nh6 20. g4 e6 21. Rf2 Qe7
22. f5 Kh7 23. fxg6+ fxg6 24. gxh5 gxh5 25. Rg2 Qh4 26. Ne4 Nd5 27. Ng5+ Kh8
28. Nxe6 Rae8 29. Rxg7 Rxe6 30. Qxe6 Kxg7 31. Bxh6+ Kh8 32. Qe5+ Qf6 33. Qxh5
1-0

[Event "SV Ibbenbüren 1 - Schach Nienberge 2"]
[Site "Verbandsliga, Gr. 1 2022/2023"]
[Date "2023.01.21"]
[Round "4.7"]
[White "Bartelheimer, Maik"]
[Black "Koczy, Willibald"]
[Result "1/2-1/2"]
[WhiteElo "1634"]
[BlackElo "1437"]
[PlyCount "80"]
[EventDate "2023.??.??"]
[SourceTitle "Verband Muensterland"]
[SourceDate "2022.09.23"]
[SourceVersion "1"]
[SourceVersionDate "2022.09.23"]
[SourceQuality "1"]
[WhiteTeam "Schach Nienberge 2"]
[BlackTeam "SV Ibbenbüren 1"]

1. e4 c5 2. Nc3 d6 3. d3 Nf6 4. g3 g6 5. Bg2 Bg7 6. Be3 Nc6 7. Nge2 a6 8. a4
Qc7 9. O-O O-O 10. Qd2 e6 11. Bh6 Rb8 12. Bxg7 Kxg7 13. f4 Qa5 14. Kh1 Nd4 15.
Nxd4 cxd4 16. Nb1 Qxd2 17. Nxd2 Ng4 18. Rfc1 Bd7 19. Nf3 e5 20. fxe5 dxe5 21.
h3 Nf6 22. Nxe5 Be6 23. c4 Rfe8 24. Rc2 Bxh3 25. Nf3 Bxg2+ 26. Kxg2 Rbd8 27.
Rf1 Ng4 28. Re1 Ne3+ 29. Rxe3 dxe3 30. Ne1 f5 31. exf5 gxf5 32. Kf3 h5 33. Re2
Kg6 34. Rxe3 Rxe3+ 35. Kxe3 Kg5 36. Kf3 Re8 37. Ng2 b5 38. b3 bxa4 39. bxa4 Rd8
40. Nf4 Rb8 1/2-1/2